Central Library OPAC University of Rajshahi

সরল বাংলা অনুবাদ ও বিস্তারিত তাফছীরসহ কোরআন শরীফ / (Record no. 56871)

MARC details
000 -LEADER
fixed length control field 01169nam a2200253 a 4500
001 - CONTROL NUMBER
control field 56871
003 - CONTROL NUMBER IDENTIFIER
rucl marc code BD-RjUL
005 - DATE AND TIME OF LATEST TRANSACTION
control field 20211209080438.0
008 - FIXED-LENGTH DATA ELEMENTS--GENERAL INFORMATION
fixed length control field 161204s1959 pk ||||| |||| 00| 0 ben d
020 ## - INTERNATIONAL STANDARD BOOK NUMBER
Terms of availability : PRs. 17.50 (V-1, V-2, V-5)
035 ## - SYSTEM CONTROL NUMBER
System control number (BD-RjUL)56995
040 ## - CATALOGING SOURCE
Original cataloging agency BD-RjUL
Language of cataloging ben
Transcribing agency BD-RjUL
041 ## - LANGUAGE CODE
Language code of text/sound track or separate title ben
082 ## - DEWEY DECIMAL CLASSIFICATION NUMBER
Edition number 23
Classification number 297.12259144
Author mark and year KHS 1959
100 1# - MAIN ENTRY--PERSONAL NAME
Personal name খাঁ, মোহাম্মদ আকরম
9 (RLIN) 118401
245 10 - TITLE STATEMENT
Title সরল বাংলা অনুবাদ ও বিস্তারিত তাফছীরসহ কোরআন শরীফ /
Statement of responsibility, etc. মোহাম্মদ আকরম খাঁ
250 ## - EDITION STATEMENT
Edition statement ১ম সং
260 ## - PUBLICATION, DISTRIBUTION, ETC. (IMPRINT)
Place of publication, distribution, etc. ঢাকা :
Name of publisher, distributor, etc. মোহাম্মদ বাদরুল আনাম খাঁ,
Date of publication, distribution, etc. ১৯৫৯ ( রামাজান, জিলহজ্জ্ব ১৩৭৮ )
300 ## - PHYSICAL DESCRIPTION
Pagination খণ্ড. ;
Size ২৬ সেমি.
505 0# - FORMATTED CONTENTS NOTE
Formatted contents note খণ্ড ১ -- খণ্ড ২ -- খণ্ড ৫ --
650 ## - SUBJECT ADDED ENTRY--TOPICAL TERM
Topical term or geographic name as entry element কোরান
9 (RLIN) 169072
General subdivision বাংলা অনুবাদ ও ব্যাখা
Topical term or geographic name as entry element Quran
General subdivision Bengali Translation and Interpretation
9 (RLIN) 169214
942 ## - ADDED ENTRY ELEMENTS (KOHA)
Source of classification or shelving scheme Dewey Decimal Classification
Koha item type Books
Holdings
Lost status Source of classification or shelving scheme Damaged status Not for loan Collection code Permanent Location Current Location Shelving location Date acquired Source of acquisition Cost, normal purchase price Total Checkouts Full call number Date last seen Copy number Koha item type
  Dewey Decimal Classification   Not For Loan Non-fiction Central Library, University of Rajshahi Central Library, University of Rajshahi Reading Room 13/03/2010 RUCL 0.00   B 297.12259144 KHS V-5 1959 04/12/2016 C-1 Books
  Dewey Decimal Classification   Not For Loan Non-fiction Central Library, University of Rajshahi Central Library, University of Rajshahi Reading Room 21/12/1966       B 297.12259144 KHS V-2 1959 24/12/2019 C-1 Books
  Dewey Decimal Classification   Not For Loan Non-fiction Central Library, University of Rajshahi Central Library, University of Rajshahi Reading Room 28/12/2019       B 297.12259144 KHS V-1 1959 28/12/2019 C-1 Books